Aston Villa Squad 2022-2023 - Statistics

General Stats
  • This quiz has been taken 259 times
    194 since last reset
  • The average score is 21 of 32
Answer Stats
# Position Nation Player % Correct
1 GK Argentina Emiliano Martínez
100%
2 DF Poland Matty Cash
97%
5 DF England Tyrone Mings
92%
11 FW England Ollie Watkins
89%
7 MF Scotland John McGinn
88%
6 MF Brazil Douglas Luiz
87%
3 DF Brazil Diego Carlos
86%
10 FW Argentina Emiliano Buendía
84%
4 DF England Ezri Konsa
84%
- Coach Spain Unai Emery
84%
9 FW Burkina Faso Bertrand Traoré
81%
25 GK Sweden Robin Olsen
77%
31 FW Jamaica Leon Bailey
74%
41 MF England Jacob Ramsey
71%
27 DF France Lucas Digne
71%
- Coach England Steven Gerrard
71%
23 FW Brazil Philippe Coutinho
68%
9 FW England Danny Ings
67%
15 DF Spain Álex Moreno
66%
44 MF France Boubacar Kamara
65%
32 MF Belgium Leander Dendoncker
60%
19 MF Zimbabwe Marvelous Nakamba
59%
8 MF France Morgan Sanson
59%
22 FW Colombia Jhon Durán
53%
20 DF Poland Jan Bednarek
50%
18 DF England Ashley Young
48%
16 DF England Calum Chambers
44%
17 DF Sweden Ludwig Augustinsson
41%
24 DF France Frédéric Guilbert
36%
12 GK England Jed Steer
30%
35 FW England Cameron Archer
23%
- Coach England Aaron Danks
11%
No matching quizzes found
Score Distribution
Percent of People with Each Score
Percentile by Number Answered
Your Score History
You have not taken this quiz since the last reset